| 000 | 00429nam a2200193Ia 4500 | ||
|---|---|---|---|
| 005 | 20250603145954.0 | ||
| 008 | 250603s9999 xx 000 0 und d | ||
| 020 | _a9781405899338 | ||
| 050 | _aKN 30 .E5/ | ||
| 100 | _aElliott, Catherine | ||
| 245 | 0 | _aTort law | |
| 250 | _a7th ed. | ||
| 260 | _aHarlow | ||
| 260 | _bPearson Education Limited | ||
| 260 | _c2009 | ||
| 300 | _a439 p | ||
| 650 | _aHarlow | ||
| 942 | _cBK | ||
| 999 |
_c43395 _d43395 |
||